Statistics for Dragon Ball Z People Who can use the Kamehameha

Click here to take the quiz!

General Stats

  • This quiz has been taken 3,331 times
    (3,263 since last reset)
  • The average score is 10 of 14

Answer Stats

Answer% Correct
Goku
100%
Gohan
96%
Goten
93%
Master Roshi
93%
Krillin
89%
Yamcha
80%
Cell
79%
Trunks
72%
Tien Shinhan
61%
Vegito
56%
Majin Buu
53%
Gotenks
47%
Grandpa Gohan
26%
Cell Jr.
18%

Score Distribution

Percentile by Number Answered

Percent of People with Each Score

Your Score History

You have not taken this quiz since the last reset